000 00857nam a2200205Ii 4500
003 JO-AjNU
008 230605s9999||||xx |||||||||||||| ||und||
040 _aJO-AjNU
_bara
_erda
_cJO-AjNU
041 _aara
050 1 4 _aK52.E5.N344.2002
100 3 _aتأليف نخلة، موريس؛ مؤلف مشارك روحي البعلبكي، صلاح مطر,
_eauthor
_927345
245 0 0 _aالقاموس القانوني الثلاثي : قاموس قانوني موسوعي شامل ومفصل : عربي-فرنسي-إنكليزي
250 _aالطبعة الأولى، 2002
264 3 1 _aبيروت،لبنان: منشورات الحلبي الحقوقية، 2002
300 _a1771ص
336 _atext
_btxt
_2rdacontent
337 _aunmediated
_bn
_2rdamedia
338 _avolume
_bnc
_2rdacarrier
650 4 _aالقانون -- معاجم 
_927346
999 _aA10476
_c14044
_d14044